| 000 | 00809nam a22001937a 4500 | ||
|---|---|---|---|
| 008 | 150909b xxu||||| |||| 00| 0 eng d | ||
| 020 | _a3528085452 | ||
| 050 | _aSPCH3.H937 | ||
| 245 |
_aTechnikphilosophie im Zeitalter der Informationstechnik _bbeitrage zum deutsch-amerikanischen Symposium in Tarrytown, N.Y., und New York September 1983 _cedited by Alois Huning and Carl Mitcham |
||
| 260 |
_aNew York _bFriedr. Vieweg and Sohn _c1986 |
||
| 300 |
_avii, 226p. ; _c23cm. |
||
| 500 | _aHeelan, Patrick A.- Maschinelle Wahrrehmung p. 129-140 | ||
| 650 |
_aElectronic data processing _xCongresses _919520 |
||
| 650 |
_aComputers _xCongresses _919521 |
||
| 650 |
_aInformation Technology _xCongresses _919522 |
||
| 700 |
_aHuning, Alois _eed. _919542 |
||
| 700 |
_aMitcham, Carl _eed. _919541 |
||
| 942 |
_2lcc _cSPC |
||
| 999 |
_c123302 _d123302 |
||